France World Cup Squad 2018 - Statistics

General Stats
  • This quiz has been taken 33,276 times
  • The average score is 15 of 24
Answer Stats
Position Player % Correct
GK Hugo Lloris
95%
FW Kylian Mbappé
95%
FW Antoine Griezmann
91%
MF Paul Pogba
89%
FW Olivier Giroud
86%
MF N'Golo Kanté
84%
DF Benjamin Pavard
79%
DF Raphaël Varane
78%
Manager Didier Deschamps
75%
DF Samuel Umtiti
72%
DF Lucas Hernández
70%
FW Ousmane Dembélé
66%
GK Steve Mandanda
64%
MF Blaise Matuidi
61%
GK Alphonse Areola
53%
DF Benjamin Mendy
52%
DF Presnel Kimpembe
47%
DF Adil Rami
38%
FW Nabil Fekir
37%
MF Corentin Tolisso
36%
FW Florian Thauvin
34%
MF Steven Nzonzi
34%
DF Djibril Sidibé
30%
MF Thomas Lemar
29%
No matching quizzes found
Score Distribution
Percent of People with Each Score
Percentile by Number Answered
Your Score History
You have not taken this quiz